| LEADER | 01016nam a2200217 4500 | ||
|---|---|---|---|
| 082 | |a 570.76 |b NG527TH | ||
| 100 | |a Nguyễn Thu Hòa | ||
| 245 | |a Để học tốt Sinh học 12 |c Nguyễn Thu Hòa | ||
| 260 | |a H. |b Giáo dục |c 2008 | ||
| 300 | |a 228 tr |c 24 cm | ||
| 520 | |a v.v... | ||
| 653 | |a Sinh học | ||
| 653 | |a Lớp 12 | ||
| 653 | |a Bài tập | ||
| 653 | |a Ôn tập | ||
| 653 | |a Lý thuyết | ||
| 942 | |2 ddc |c STK0 | ||
| 999 | |c 7208 |d 7208 | ||
| 952 | |0 0 |1 0 |2 ddc |4 0 |6 570_760000000000000_NG527TH |7 0 |8 500 |9 66727 |a qbu |b qbu |c D3 |d 2015-01-30 |g 37000 |o 570.76 NG527TH |p 7062.c1 |r 0000-00-00 |w 2015-01-30 |y STK0 |0 0 |6 570_760000000000000_NG527TH | ||
| 952 | |0 0 |1 0 |2 ddc |4 0 |6 570_760000000000000_NG527TH |7 0 |8 500 |9 66728 |a qbu |b qbu |c D3 |d 2015-01-30 |g 37000 |o 570.76 NG527TH |p 7062.c2 |r 0000-00-00 |w 2015-01-30 |y STK0 |0 0 |6 570_760000000000000_NG527TH | ||
| 952 | |0 0 |1 0 |2 ddc |4 0 |6 570_760000000000000_NG527TH |7 0 |8 500 |9 66729 |a qbu |b qbu |c D3 |d 2015-01-30 |g 37000 |o 570.76 NG527TH |p 7062.c3 |r 0000-00-00 |w 2015-01-30 |y STK0 |0 0 |6 570_760000000000000_NG527TH | ||